Najpopularniejsi raperzy w tym tygodniu . 09-15.04 - Statystyki

Ogólne statystyki
  • Ten quiz został rozwiązany 21 razy
  • Średni wynik to 6 z 15
Statystyki odpowiedzi
Miejsce w poprzednim tygodniu Wyświetlenia Raper % Poprawnych
#2 8.70M Sobel
75%
#1 8.59M Mata
70%
#3 4.40M Bedoes
60%
#13 2.80M Żabson
60%
#14 4.81M ReTo
55%
#16 2.87M White 2115
55%
#5 3.70M Guzior
50%
#7 3.08M Paluch
45%
#8 3.61M Szpaku
35%
#9 3.18M Kabe
25%
#11 3.30M Major SPZ
25%
#6 3.33M Tymek
25%
#10 2.96M Kali
20%
#4 2.90M Kubańczyk
15%
#12 2.78M Kukon
15%
Nie znaleziono quizów pasujących do podanych kryteriów
Rozkład punktacji
Procent ludzi z każdym wynikiem
Percentyl według liczby udzielonych odpowiedzi
Twoja historia wyników
Nie rozwiązałeś tego quizu